000 00803cab a2200241 4500
001 ABS48580
008 090401t1993 xxu||||| |||| 00| 0 eng d
035 _a(Sirsi) u67437
041 _aeng
100 _aField, M.
245 _aHow to relocate an office at short notice
260 _c1993
350 _a0
490 _aArchitects` Journal
_v197(21) 26 May 1993, 30(1)
520 _aRecent bombings, especially those in the City of London, highlighted the merits of already having a disaster recovery plan in place. This article interviews two companies who provide DRP services.
650 _aBOMB DAMAGE
650 _aDISASTER RECOVERY PLANNING
650 _aOFFICE RELOCATION
650 _aTERRORISM
690 _aCOMMERCIAL PROPERTY-MANAGEMENT
942 _n0
948 _c04/03/1997
999 _c42199
_d42199